Estadísticas para 15 principales países afectados por Covid19 - 16 de marzo de 2022

Haz click aquí para intentar la prueba.

Estadísticas generales

  • Esta prueba ha sido intentada 9 veces
  • La puntuación promedio es 19 de 29

Estadísticas de respuestas

país% Correcto
Argentina
100%
Brasil
100%
Estados Unidos
100%
Francia
100%
India
100%
Italia
100%
Reino Unido
100%
Rusia
100%
Alemania
86%
Bélgica
86%
España
86%
Irán
86%
Turquía
86%
Austria
71%
Dinamarca
71%
Israel
71%
Países Bajos
71%
Países Bajos
71%
Portugal
71%
Chequia
43%
Suiza
43%
Baréin
29%
Corea del Sur
29%
Eslovenia
29%
Estonia
29%
Letonia
29%
Lituania
29%
Georgia
14%
Vietnam
14%

Distribución de puntuación

Porcentaje por número respondido

Porcentaje de gente con cada puntuación

Historial de tus puntuaciones

No has intentado esta prueba.